Normal view
MARC view
- Banerjee, Arijit.
Entry Personal Name
001 - CONTROL NUMBER
- control field: 60559
003 - CONTROL NUMBER IDENTIFIER
- control field: OSt
005 - DATE AND TIME OF LATEST TRANSACTION
- control field: 20240910170458.0
008 - FIXED-LENGTH DATA ELEMENTS
- fixed length control field: 240910|| aca||aabn | a|a d
040 ## - CATALOGING SOURCE
- Original cataloging agency: OSt
- Transcribing agency: OSt
100 ## - HEADING--PERSONAL NAME
- Personal name: Banerjee, Arijit.
- Relator term: author.
670 ## - SOURCE DATA FOUND
- Source citation: Work cat.: (OSt): Mukherjee, Debranjan. author. 60558, Dc grid interface for the integrated generator-rectifier architecture generator-rectifier architecture in wind energy system /, December 2022.
